| 000 | 00358nam a22001217a 4500 | ||
|---|---|---|---|
| 050 |
_aHJ3043 _b.S56 2008 |
||
| 100 | _aSimiyu, Nicholas T. T. | ||
| 245 |
_aTaxation in Kenya: _b(Principles aned answersd practice) including CPA and KATC questions and suggest _cNicholas T. T. Simiyu |
||
| 250 | _a6th ed. | ||
| 300 | _8P. 373 | ||
| 650 | _bTaxation | ||
| 942 | _cGEN | ||
| 999 |
_c2593 _d2593 |
||